1058 1188 1837 1135 1325 1692 1158 1039 1554 1829 1077 1040 1530 1720 1673 1393 1613 1423 1900 1526 1956 1066 1330 1406 1411 1427 1197 1448 1890 1307 1711 1293 1281 1772 1274 1406 1516 1344 1577 1730 1985 1477 1625 1910 1092 1075 1918 1126 1084 1380 1197 1590 1258 1558 1684 1824 1446 1850 1225 1584 1977 1121 1028 1093 1146 1473 1260 1055 1996 1353 1903 1346 1478 1418 1956 1022 1662 1827 1391 1804 1395 1882 1338 1172 1551 1012 1704 1803 1556 1887 1223 1444 1051 1575 1191 1981 1655 1241 1799 BCNSPRNW ULIB Ver.6.0+V

เปลี่ยนเป็นภาษาไทย

Change to English
 แสดงรายละเอียดบรรณานุกรม
  กลับหน้าหลัก

Brief Record : Get Marc (ISO 2709) : E-mail record : QR code < ปิดหน้าต่าง
LEADER : 00000nam 2200000uu 4500
001    13399126191
003     ULIB
008    180715s2000||||th 000 0 tha d
020    ^a9780521775311
050 00 ^aPE1128^bC172^cV.2
245 10 ^aCambridge practice tests for IELTS 2
260    ^aCambridge :^bCambridge University Press,^c2000
300    ^a172 p.:^bill. ;^c25 cm.
650 00 ^aInternational English Language Testing System.
650 00 ^aEnglish language^xExaminations, questions, etc.
650 00 ^aEnglish language^xTextbooks for foreign speakers
945    ^p0^l0^i26409
999    ^aกัณชพร จุลอักษร
รายการนี้ยังไม่มีแท็ก
คุณยังไม่ได้ล็อกอิน คุณสามารถมีกิจกรรมร่วมกับเว็บไซต์ได้ แต่ต้องล็อกอินก่อน ::
  ล็อกอิน

รายการสื่อสารสนเทศ

ลำดับที่ ประเภท เลขเรียก/บาร์โค้ด สถานที่ สถานะ
1. วิทยาศาสตร์การแพทย์ และสุขภาพ
วิทยาศาสตร์การแพทย์ และสุขภาพ
PE1128 C172 V.2 ฉ.1 
  Barcode: 26409
ห้องสมุดวิทยาเขตนครสวรรค์
►หนังสือทั่วไป:l:General Books
บนชั้น

รายการใกล้เคียง
    ชื่อเรื่อง [Cambridge practice tests for IELTS 2]

    หัวเรื่อง [International English Language Testing System.]

BibComment


ยังไม่เคยถูกคอมเมนท์

คอมเมนท์ทรัพยากรรายการนี้
  คอมเมนท์: Cambridge practi..


 Copyright 2026. Bcnsprnw @Library